000 01160cab a22002295a 4500
001 L148983
008 091210e20091205xxk f 000 0 eng d
035 _a(Sirsi) u148983
041 0 _aeng
100 1 _aRoss, Andrew
245 0 0 _aDelivering a final farewell
260 _c2009
490 _aEstates Gazette
_v(0948) 5 December 2009, 92-94(3)
520 _aTenants wishing to operate break clauses in a lease should read the terms carefully to ensure that they fully comply. Service of notices including who serves the notice and on whom, timing of servicing as time is of the essence, and how the notice should be given. Outlines a range of practical measures which can be taken. Illustrates what can go wrong with reference to case law. Break clauses can also be mended with a landlord's consent. (See L148984 and L148988)
590 _aKA
650 2 4 _aPRUDENTIAL ASSURANCE CO. LTD V EXCEL UK LTD
650 2 4 _aMANNAI INVESTMENT CO LTD V EAGLE STAR LIFE ASSURANCE CO LTD UK
651 4 _aENGLAND AND WALES
690 _aPROPERTY-COMMERCIAL PROPERTY-COMMERCIAL LANDLORD AND TENANT-COMMERCIAL LEASES
700 1 _aWevill, Rachel
942 _n0
999 _c82022
_d82022